| 000 | 00326cam a22001097a 4500 | ||
|---|---|---|---|
| 008 | 180718b1971 xxu||||| |||| 00| 0 eng d | ||
| 082 | _aK18x54 In2b | ||
| 100 | _aSwaroop, S.N. | ||
| 245 |
_aBackground of the Indian Administrative Service Officers-- a comparative study _cby S.N. Swaroop |
||
| 260 |
_a _b _c1971 |
||
| 300 | _a84+p. | ||
| 999 |
_c499748 _d499748 |
||